Rubâiler. (Record no. 50401)

MARC details
000 -LEADER
fixed length control field 00780cam a22002411i 4500
001 - CONTROL NUMBER
control field ne 68001961
003 - CONTROL NUMBER IDENTIFIER
control field DLC
005 - DATE AND TIME OF LATEST TRANSACTION
control field 20260227111842.0
008 - FIXED-LENGTH DATA ELEMENTS--GENERAL INFORMATION
fixed length control field 791221s1963 tu 000 0 tur
010 ## - LIBRARY OF CONGRESS CONTROL NUMBER
LC control number ne 68001961
035 ## - SYSTEM CONTROL NUMBER
System control number (OCoLC)5818749
040 ## - CATALOGING SOURCE
Original cataloging agency DLC
Transcribing agency AzU
Modifying agency AzU
-- DLC
042 ## - AUTHENTICATION CODE
Authentication code premarc
050 00 - LIBRARY OF CONGRESS CALL NUMBER
Classification number PL248.B48
Item number Z89 no. 6
100 0# - MAIN ENTRY--PERSONAL NAME
Personal name Yahya Kemal,
Dates associated with a name 1884-1958.
245 10 - TITLE STATEMENT
Title Rubâiler.
260 ## - PUBLICATION, DISTRIBUTION, ETC.
Place of publication, distribution, etc. [Yazan]
Name of publisher, distributor, etc. Yahya Kemal.
Place of publication, distribution, etc. [İstanbul,
Name of publisher, distributor, etc. Yahya Kemal Enstitüsü]
Date of publication, distribution, etc. 1963.
300 ## - PHYSICAL DESCRIPTION
Extent 47 p.
Dimensions 20 cm.
490 1# - SERIES STATEMENT
Series statement His Yahya Kemal külliyatı,
Volume/sequential designation 3
440 #0 - SERIES STATEMENT/ADDED ENTRY--TITLE
Title Yahya Kemal Enstitüsü yayımları,
Volume/sequential designation 6
490 0# - SERIES STATEMENT
Series statement İstanbul Fetih Cemiyeti neşriyatı,
Volume/sequential designation 50
500 ## - GENERAL NOTE
General note Bound with Omar Khayyām. Hayyam rubâîlerini Türkçe söyleyiş [İstanbul] 1963.

No items available.

Powered by Koha